<?xml version="1.0" encoding="UTF-8"?><?xml-stylesheet type="text/xsl" href="static/style.xsl"?><OAI-PMH xmlns="http://www.openarchives.org/OAI/2.0/" xmlns:xsi="http://www.w3.org/2001/XMLSchema-instance" xsi:schemaLocation="http://www.openarchives.org/OAI/2.0/ http://www.openarchives.org/OAI/2.0/OAI-PMH.xsd"><responseDate>2026-06-02T00:35:34Z</responseDate><request verb="GetRecord" identifier="oai:riuma.uma.es:10630/30417" metadataPrefix="marc">https://riuma.uma.es/rest/oai/request</request><GetRecord><record><header><identifier>oai:riuma.uma.es:10630/30417</identifier><datestamp>2026-02-03T12:34:37Z</datestamp><setSpec>com_10630_2254</setSpec><setSpec>col_10630_37957</setSpec></header><metadata><record xmlns="http://www.loc.gov/MARC21/slim" xmlns:dcterms="http://purl.org/dc/terms/" xmlns:doc="http://www.lyncode.com/xoai" xmlns:xsi="http://www.w3.org/2001/XMLSchema-instance" xsi:schemaLocation="http://www.loc.gov/MARC21/slim http://www.loc.gov/standards/marcxml/schema/MARC21slim.xsd">
   <leader>00925njm 22002777a 4500</leader>
   <datafield ind2=" " ind1=" " tag="042">
      <subfield code="a">dc</subfield>
   </datafield>
   <datafield ind2=" " ind1=" " tag="720">
      <subfield code="a">Cortes Molino, Alvaro</subfield>
      <subfield code="e">author</subfield>
   </datafield>
   <datafield ind2=" " ind1=" " tag="260">
      <subfield code="c">2024</subfield>
   </datafield>
   <datafield ind2=" " ind1=" " tag="520">
      <subfield code="a">La presente tesis doctoral tiene como objetivo desarrollar diferentes estudios en los que se aplican&#xd;
diferentes técnicas de teledetección para explorar las potencialidades de este campo dentro de la&#xd;
conservación de sistemas forestales en un contexto de riesgos asociados al cambio climático.&#xd;
Los objetivos de esta tesis doctoral pasan por el desarrollo de tres estudios que pretenden profundizar en una&#xd;
aplicación multienfoque de la teledetección a la gestión de riesgos climáticos en conservación forestal mediante: (i)&#xd;
La modelización de la evapotranspiración de un dosel forestal; (ii) La monitorización de los efectos provocados por&#xd;
eventos de sequía y brotes de plagas; y (iii) La simulación del riesgo de incendio asociado a dinámicas de&#xd;
mortalidad y recuperación forestal.&#xd;
Cada estudio empleó tecnologías que en conjunto abarcan de forma complementaria las principales ramas de la&#xd;
teledetección. Debido a la gran cantidad de información obtenida se emplearon técnicas de ciencia de datos y&#xd;
aprendizaje automático para los análisis posteriores. Toda la metodología en este trabajo tiene un gran potencial&#xd;
para: (i) Asistir en el diseño e implementación de un régimen de perturbaciones de baja intensidad que permita&#xd;
diversificar y dinamizar los procesos ecológicos; (ii) Apoyar la gestión de riesgos de incendios mediante el&#xd;
cartografiado y la simulación del riesgo para desarrollar estrategias de actuación sobre el combustible;&#xd;
(iii) Monitorizar la evapotranspiración y la actividad fotosintética para realizar un seguimiento de&#xd;
las respuestas del bosque frente a perturbaciones y para diseñar sistemas de alerta temprana frente&#xd;
a fenómenos de sequía y decaimiento.</subfield>
   </datafield>
   <datafield ind1="8" ind2=" " tag="024">
      <subfield code="a">https://hdl.handle.net/10630/30417</subfield>
   </datafield>
   <datafield tag="653" ind2=" " ind1=" ">
      <subfield code="a">Cambios climáticos - Gestión de riesgo</subfield>
   </datafield>
   <datafield tag="653" ind2=" " ind1=" ">
      <subfield code="a">Bosques - Conservación</subfield>
   </datafield>
   <datafield tag="653" ind2=" " ind1=" ">
      <subfield code="a">Bosques - Protección</subfield>
   </datafield>
   <datafield ind2="0" ind1="0" tag="245">
      <subfield code="a">Remote sensing applications to climate risk management in forest conservation.</subfield>
   </datafield>
</record>
</metadata></record></GetRecord></OAI-PMH>